LEADER 00674naa a2200157 i 4500 001 000000306354 003 CaOOAMICUS 005 20180831172855.0 008 180831n xx u000 u eng u 013 $a14788 040 $aSeMil$bita 100 1 $aSaint-German, Christopher,$c.$0(OLS)http://semarc/name/87517 245 10$aSalem and Bizance. 650 4$aChiesa cattolica - Controversie - Ante 1800.$0(OLS)http://semarc/subject/4412 773 0 $aMore, Thomas $tDebellation of Salem and Bizance.$dNew Haven ; London : Yale University Press, 1987.$z0-300-03376-1$gp.323-392$w()34324 996 $6245$aSalem and Bizance$9(OLS)http://semarc/title/381772 LEADER 00967nam a2200241 i 4500 001 000000125023 003 CaOOAMICUS 005 20051011000000.0 008 051011s1984 it u000 u ita u 013 $a97721 040 $aSeMil$bita 245 10$aMario Sironi e il religioso /$ca cura di Giorgio Mascherpa. 260 $a[S.l. :$bs.n.],$c1984. 300 $a50 p. :$briccamente ill. ;$c24 cm. 500 $aA pič del front. : Galleria San Fedele, Milano, 15 maggio-15 giugno 1984. - Fondo Ciprandi. 650 4$aSironi, Mario - Esposizioni - 1984.$0(OLS)http://semarc/subject/24261 700 1 $aMascherpa, Giorgio.$0(OLS)http://semarc/name/8520 850 $aSeMil 852 $aSeMil$W1$xVenegono$y1$m5N VI 61$j79522$B79522$CSeMilBibl$Z2$F104149 $81 941 1 $a1 961 $aOmaggio: Ciprandi dott. Paolo 996 $6245$aMario Sironi e il religioso$9(OLS)http://semarc/title/184081 996 $6260$a[S.l. :$bs.n.]$9(OLS)http://semarc/publisher/29751